| 000 | 00398nam a2200157Ia 4500 | ||
|---|---|---|---|
| 020 | _a(hb) | ||
| 082 |
_a111 _bGUE _cML-31-p.174 |
||
| 100 |
_aRene, Guenon _937004 |
||
| 245 | _aThe Multiple states of being | ||
| 260 |
_aLahore: _bSuhail Academy, _c1988 |
||
| 300 | _a140p | ||
| 526 |
_a0 _b0 _c0 _d111_000000000000000_GUE |
||
| 650 |
_aMCE _9379 |
||
| 650 |
_aMetaphysics _937005 |
||
| 942 |
_2ddc _cBK |
||
| 999 |
_c541926 _d541926 |
||